000 01053cad a22002415a 4500
001 E154413
008 111129s2011 xxk g 000 0 eng d
020 _a9781780455280
022 1 _a2043-7722
035 _a(Sirsi) u154413
041 0 _aeng
100 1 _aDavies, Ian M.
245 0 0 _aScoping study for offshore wind farm development in Scottish waters
_h[electronic resource]
260 _aEdinburgh
_bScottish Government
_c2011
490 0 _aScottish Marine and Freshwater Science
_v2 (13) 2011
520 _aSets out how Marine Scotland and the Crown Estate will develop offshore wind energy in Scottish territorial waters, and also considers possibilities for such developments outside Scottish territorial waters out to 200 nautical miles.
590 _aKA
651 4 _aScotland
_y1999-
690 _aENVIRONMENTAL AND LAND CONSULTANCY-ENERGY-RENEWABLE ENERGY
700 1 _aWatret, Robert
856 4 0 _uhttps://www.scotland.gov.uk/Publications/2011/11/28104658/0
_zView the report free of charge at www.scotland.gov.uk
942 _n0
999 _c112978
_d112978